[Event "87o Campeonato Brasileiro Absoluto Final Aberta"]
[Site "Cuiaba MT"]
[Date "2021.11.04"]
[Round "11"]
[Board "77"]
[White "Cardoso, Lucca Pimenta"]
[Black "De Lima, Lucas Taveira"]
[Result "1-0"]
[WhiteElo "1690"]
[BlackElo "1427"]
[PlyCount "41"]
[EventDate "2021.10.28"]
[EventRounds "11"]
[EventCountry "BRA"]

1. d4 d5 2. c4 e6 3. Nf3 Nf6 4. e3 c5 5. Nc3 cxd4 6. exd4 dxc4 7. Bxc4 Be7 8.
O-O O-O 9. Qe2 Nc6 10. Rd1 Na5 11. Bd3 b6 12. Bg5 Nd5 13. Bxe7 Nxe7 14. Qe4 f5
15. Qxa8 Nec6 16. Ne5 Qc7 17. Nb5 Qxe5 18. dxe5 Bb7 19. Qxf8+ Kxf8 20. f4 a6
21. Nc7  1-0

[Event "87o Campeonato Brasileiro Absoluto Final Aberta"]
[Site "Cuiaba MT"]
[Date "2021.11.04"]
[Round "11"]
[Board "78"]
[White "Fernandes, Pedro Guilherme Muniz"]
[Black "Santos, Wenesley Da Luz"]
[Result "1-0"]
[WhiteElo "1682"]
[BlackElo "1286"]
[PlyCount "79"]
[EventDate "2021.10.28"]
[EventRounds "11"]
[EventCountry "BRA"]

1. Nf3 d5 2. g3 Nf6 3. Bg2 Bf5 4. O-O c6 5. c4 e6 6. cxd5 exd5 7. d3 Be7 8. Bf4
Nbd7 9. Nbd2 O-O 10. Qc2 h6 11. e4 dxe4 12. dxe4 Be6 13. Nd4 Bg4 14. h3 Bh5 15.
Nf5 Bg6 16. Nxe7+ Qxe7 17. Qc3 Rfe8 18. Rfe1 Qc5 19. Qb3 Qb6 20. Qa4 Nc5 21.
Qc4 Ne6 22. Be3 Qc7 23. f4 Nf8 24. e5 N6d7 25. Ne4 Bxe4 26. Bxe4 Nb6 27. Qc2
Rad8 28. Rad1 Rxd1 29. Rxd1 Rd8 30. Rxd8 Qxd8 31. Qd3 Qxd3 32. Bxd3 Ne6 33. f5
Nc7 34. b3 Ncd5 35. Bc5 Nc8 36. Kf2 b6 37. Ba3 Nc3 38. Ba6 Nb5 39. Bb4 c5 40.
Be1  1-0

[Event "87o Campeonato Brasileiro Absoluto Final Aberta"]
[Site "Cuiaba MT"]
[Date "2021.11.04"]
[Round "11"]
[Board "79"]
[White "Paludo, Nicolas Luis Escarantte"]
[Black "Romais, Rodrigo"]
[Result "1/2-1/2"]
[WhiteElo "1821"]
[BlackElo "1652"]
[PlyCount "46"]
[EventDate "2021.10.28"]
[EventRounds "11"]
[EventCountry "BRA"]

1. e4 e6 2. d4 d5 3. exd5 exd5 4. Nf3 Bd6 5. Bd3 Nc6 6. O-O Bg4 7. c3 Qd7 8. b4
Nf6 9. Re1+ Be7 10. Bg5 O-O 11. Nbd2 Rfe8 12. Qc2 h6 13. Bh4 Nh5 14. Bxe7 Rxe7
15. b5 Rxe1+ 16. Rxe1 Ne7 17. Qb1 Qd6 18. Ne5 Be6 19. g3 Nf6 20. a4 Rb8 21. f4
Bh3 22. Bf1 Bxf1 23. Kxf1 c5  1/2-1/2

[Event "87o Campeonato Brasileiro Absoluto Final Aberta"]
[Site "Cuiaba MT"]
[Date "2021.11.04"]
[Round "11"]
[Board "80"]
[White "Cinta Larga, Carlos Eduardo Dos Santos"]
[Black "De Oliveira Filho, Fernando F"]
[Result "0-1"]
[WhiteElo "1742"]
[BlackElo "1638"]
[PlyCount "44"]
[EventDate "2021.10.28"]
[EventRounds "11"]
[EventCountry "BRA"]

1. e4 e6 2. d4 d5 3. exd5 exd5 4. Nc3 Bb4 5. Nge2 Ne7 6. g3 Nbc6 7. Bg2 Bg4 8.
O-O Qd7 9. Qd3 Bh3 10. Bxh3 Qxh3 11. Qb5 O-O-O 12. a3 Bd6 13. Re1 Nf5 14. Bf4
Ncxd4 15. Qd3 Nh4 16. gxh4 Nf3+ 17. Qxf3 Qxf3 18. Bg3 Bxg3 19. hxg3 c6 20. Nd4
Qf6 21. Nde2 Rhe8 22. Red1 d4  0-1

[Event "87o Campeonato Brasileiro Absoluto Final Aberta"]
[Site "Cuiaba MT"]
[Date "2021.11.04"]
[Round "11"]
[Board "82"]
[White "Olivo, Anibal Ribeiro"]
[Black "Sovinski, Marcos Roberto"]
[Result "1-0"]
[WhiteElo "1588"]
[BlackElo "1800"]
[PlyCount "79"]
[EventDate "2021.10.28"]
[EventRounds "11"]
[EventCountry "BRA"]

1. e4 e6 2. d4 d5 3. Nd2 c5 4. exd5 exd5 5. Bb5+ Nc6 6. Ngf3 Qe7+ 7. Be2 cxd4
8. O-O Be6 9. Nb3 Nf6 10. Nbxd4 g6 11. Re1 Bg7 12. Nxe6 fxe6 13. Bd3 O-O 14. c3
Qd7 15. Bb5 a6 16. Ba4 b5 17. Bb3 Rae8 18. a4 b4 19. Bd2 a5 20. cxb4 Ne4 21.
Bc1 Nxb4 22. Rxe4 Rf5 23. Re2 e5 24. Bc2 Nxc2 25. Qxc2 e4 26. Nd2 Bd4 27. Nb3
Rc8 28. Qd2 Bxf2+ 29. Rxf2 Qa7 30. Qe3 Rxc1+ 31. Qxc1 Qxf2+ 32. Kh1 e3 33. Qe1
e2 34. Qxf2 Rxf2 35. Kg1 e1=Q+ 36. Rxe1 Rxb2 37. Nxa5 Ra2 38. h3 Rxa4 39. Nc6
Ra6 40. Ne7+  1-0

[Event "87o Campeonato Brasileiro Absoluto Final Aberta"]
[Site "Cuiaba MT"]
[Date "2021.11.04"]
[Round "11"]
[Board "87"]
[White "Rocha, Matheus Eugenio S M Nunes"]
[Black "Peres, Wallafe Moreira"]
[Result "0-1"]
[WhiteElo "1800"]
[BlackElo "1770"]
[PlyCount "130"]
[EventDate "2021.10.28"]
[EventRounds "11"]
[EventCountry "BRA"]

1. d4 f5 2. c4 Nf6 3. g3 e6 4. Bg2 Bb4+ 5. Bd2 Qe7 6. a3 Bxd2+ 7. Qxd2 O-O 8.
Nc3 Qf7 9. Nf3 Ne4 10. Nxe4 fxe4 11. Nh4 d5 12. O-O c6 13. f3 exf3 14. Nxf3 Qe7
15. Qc2 Nd7 16. e4 dxc4 17. Qxc4 Nb6 18. Qe2 Bd7 19. Ne5 Rf6 20. Rf3 Rxf3 21.
Nxf3 Rf8 22. Rf1 Be8 23. Ne5 Rxf1+ 24. Bxf1 Qd6 25. Qf2 c5 26. Nf3 c4 27. Ne5
c3 28. bxc3 Qxa3 29. Qf3 Qe7 30. Bh3 Nd7 31. Nc4 b5 32. Nd2 a5 33. e5 Nb6 34.
Ne4 Bc6 35. Nf6+ gxf6 36. Qxc6 Na4 37. Bxe6+ Kg7 38. exf6+ Qxf6 39. Qc7+ Kh6
40. Bb3 Nb6 41. Qf4+ Qxf4 42. gxf4 a4 43. Be6 Nc4 44. Bf5 Nd2 45. Bd3 Nc4 46.
Bf5 a3 47. Bb1 Nb2 48. Kf2 Na4 49. d5 Kg7 50. Ba2 Nxc3 51. Bb3 a2 52. Bxa2 Nxa2
53. Ke3 Kf6 54. Kd4 Ke7 55. f5 b4 56. Kc4 Nc3 57. Kxb4 Nxd5+ 58. Kc5 Ne3 59.
Kd4 Nxf5+ 60. Ke4 Kf6 61. Kf4 h5 62. h3 Kg6 63. Kf3 Kg5 64. Kg2 Kh4 65. Kh2 Ne3
 0-1